Az angol és német nyelvi szókincs online diagnosztikus tesztelése a 6. évfolyamon

Elmentve itt :
Bibliográfiai részletek
Szerzők: Vidákovich Tibor
Vígh Tibor
Sominé Hrebik Olga
Thékes István
Dokumentumtípus: Cikk
Megjelent: 2013
Sorozat:ISKOLAKULTÚRA: PEDAGÓGUSOK SZAKMAI-TUDOMÁNYOS FOLYÓIRATA 23 No. 11
mtmt:2515040
Online Access:http://publicatio.bibl.u-szeged.hu/18408
LEADER 00812nab a2200217 i 4500
001 publ18408
005 20200320135555.0
008 200320s2013 hu o 0|| zxx d
022 |a 1215-5233 
024 7 |a 2515040  |2 mtmt 
040 |a SZTE Publicatio Repozitórium  |b hun 
041 |a zxx 
100 1 |a Vidákovich Tibor 
245 1 3 |a Az angol és német nyelvi szókincs online diagnosztikus tesztelése a 6. évfolyamon  |h [elektronikus dokumentum] /  |c  Vidákovich Tibor 
260 |c 2013 
300 |a 117-130 
490 0 |a ISKOLAKULTÚRA: PEDAGÓGUSOK SZAKMAI-TUDOMÁNYOS FOLYÓIRATA  |v 23 No. 11 
700 0 1 |a Vígh Tibor  |e aut 
700 0 3 |a Sominé Hrebik Olga   |e aut 
700 0 3 |a Thékes István  |e aut 
856 4 0 |u http://publicatio.bibl.u-szeged.hu/18408/1/EPA00011_iskolakultura_2013_11_117-130.pdf  |z Dokumentum-elérés